Presupuesto ordinario para el ejercicio de 1924-1925, aprobado por la Asamblea / Mancomunidad de Cataluña
Descripción Física:
154 p. ; 22 cm
MARC
| LEADER | 00000nam a2200000Ia 4500 | ||
|---|---|---|---|
| 001 | 507 | ||
| 008 | 160829s1924 xx 000 0 cat d | ||
| 080 | |a M-3-166 | ||
| 110 | 2 | |a Catalunya. |b Mancomunitat |9 53015 | |
| 245 | |a Presupuesto ordinario para el ejercicio de 1924-1925, aprobado por la Asamblea / Mancomunidad de Cataluña | ||
| 260 | |a Barcelona : |b (Imp. de la Casa Prov. de Caridad), |c 1924 | ||
| 300 | |a 154 p. ; |c 22 cm | ||
| 590 | |a Hi ha dos duplicats DUP-140 (R. 508), DUP-184 | ||
| 610 | 1 | 0 | |a Catalunya. |b Mancomunitat |x Assignacions pressupostàries i despeses |9 55730 |
| 856 | 4 | |u https://media.diba.cat/diba/fitxers/arxiu/mancomunitat/bib_507_1924_baixa.pdf |y Accés lliure | |
| 901 | |a Arxiu | ||
| 942 | |n 1 |2 udc | ||
| 952 | |0 0 |1 0 |4 0 |6 M3166 |7 1 |9 41546 |a Arxiu |b Arxiu |d 2016-12-01 |l 0 |o M-3-166 |p 507 |r 2016-12-01 00:00:00 |w 2016-12-01 |y ARXIU | ||
| 999 | |c 43436 |d 43436 | ||
| 900 | |a bib_507_1924_baixa.pdf | ||